Wrong Answers Only #2 - Statistics

General Stats
  • This quiz has been taken 39 times
  • The average score is 3 of 10
Answer Stats
Question Answer % Correct
The following crop falls into the category of “fruits and vegetables”. Turnip
67%
Which of these countries shares a land border with Brazil? Chile
42%
Which of the following is typically put into a toaster? Toast
42%
The following species of bear is not technically a bear. Sun bear
39%
This man was a founding member of the Beatles. Ringo
33%
Which of the following people are real? Betty Crocker
31%
This question contains a typo. Question 9
31%
This US presdient’s face is found on standard American currency. Benjamin Franklin
19%
Which of these flags can be found in Asia?
17%
You are more likely to be killed by one of these than a shark. Wolf
11%
No matching quizzes found
Score Distribution
Percent of People with Each Score
Percentile by Number Answered
Your Score History
You have not taken this quiz